Neurociencia y educación. Cómo hacer una enseñanza más de acuerdo con la manera como aprende el cerebro

Guardat en:
Dades bibliogràfiques
Autor principal: Salas Silva, Raúl (Autor)
Format: Llibre
Idioma:espanyol
Publicat: Valparaíso Lafken Wangulen 2005
Edició:2a. ed
Matèries:
Etiquetes: Afegir etiqueta
Sense etiquetes, Sigues el primer a etiquetar aquest registre!

MARC

LEADER 00000nam a2200000 a 4500
001 UCI3672
003 CL-VaPUC
008 071123e20050000CL |||||||||||||||||spa|d
020 |a 9562990028 
082 0 4 |a 370.152  |b SAL  |2 21 
100 0 |a Salas Silva, Raúl  |e author  |9 525144 
245 1 0 |a Neurociencia y educación. Cómo hacer una enseñanza más de acuerdo con la manera como aprende el cerebro 
250 |a 2a. ed 
300 |a 126 p 
942 |c BK 
945 |d 20071123 00:00:00  |a rbrito 
260 |a Valparaíso  |b Lafken Wangulen  |c 2005 
650 0 |a Neurociencias  |9 424346 
650 0 |a Desarrollo mental   |9 313003 
650 0 |a Aprendizaje   |9 254827 
650 0 |a Memoria  |9 266549 
650 0 |a Cerebro   |9 307262 
650 0 |a Atención  |9 312027 
650 7 |a DESARROLLO DE CAPACIDADES  |2 CL-VaPUC  |9 376097 
583 |a last modification  |c 20071123 00:00:00  |k Rodrigo Vera 
999 |c 327803  |d 327801 
952 |0 0  |1 0  |4 0  |6 370_152000000000000_SAL_2005  |7 0  |8 A  |9 411265  |a BIBEDU  |b BIBEDU  |d 2019-11-22  |i 4391306  |l 1  |o 370.152 SAL 2005  |p 4391306  |r 2024-03-08  |s 2024-03-08  |w 2019-11-22  |y BK  |k EDI 
952 |0 0  |1 0  |4 0  |6 370_152000000000000_SAL_2005  |7 0  |8 A  |9 411266  |a BIBEDU  |b BIBEDU  |d 2019-11-22  |i 4391314  |l 1  |o 370.152 SAL 2005  |p 4391314  |r 2023-04-21  |s 2023-04-10  |w 2019-11-22  |y BK  |k EDI